000 00689nam a2200205Ia 4500
005 20260121110214.0
008 008 260114s9999 xx 000 0 hin d
020 _a9788132301219
037 _aEBOOK
040 _aCRL
_bhin
_cCRL
041 _ahin
_2hin
084 _qCRL
100 _aअनिल कुमार / Anil Kumar
_9943326
245 0 _aमानव व्यवहार के अपरिहार्य आधार / Manav vyavhaar ke aparihary aadhaar
260 _bभाषा प्रकाशन / Bhasha Prakashan
_c2020
856 _uhttps://bhashaprakashan.com/product-details/377787
942 _cEBOOK
999 _c1534991
_d1534991